000 00641nam a2200205 u 4500
005 20260108063955.0
008 100614s2001 r 000 0 eng d
020 _a8479784865
035 _aUPN01000176486
049 _aCG
050 4 _aHV5043 E7
_bB4.2
100 1 _aBesancon, Francois
245 1 0 _aAlcohol :
_bhablemos : una puerta de salida /
_cFrancois Besancon, Francisco Verjano.
260 _aMadrid :
_bDiez Santos,
_c2001.
300 _a159 p.
650 4 _aAlcoholismo
_xPrevención
_915854
650 4 _aALCOHOLISMO -
_xCASOS, INFORMES CLINICOS, ESTADISTICA
_92123
700 1 _aVerjano, Francisco,
_ecoaut.
905 _aLibro
999 _c148589
_d148589